| 000 | 00810nam a2200265 a 4500 | ||
|---|---|---|---|
| 001 | 72203 | ||
| 003 | BD-RjUL | ||
| 005 | 20211209082226.0 | ||
| 008 | 170515s1955 njua b 001 0 eng d | ||
| 035 | _a(BD-RjUL)72419 | ||
| 040 |
_aDLC _cOYU _dOCoLC _dUk _dBD-RjUL _beng |
||
| 041 | _aeng | ||
| 082 |
_a539.7 _223 _bFES 1955 |
||
| 100 | 1 |
_aFeenberg, Eugene _9213531 |
|
| 245 | 1 | 0 |
_aShell Theory Of The Nucleus / _cEugene Feenberg |
| 260 |
_aPrinceton : _bPrinceton University Press, _cc1955. |
||
| 300 |
_axi, 211 p. : _bill. ; _c26 cm. |
||
| 504 | _aIncludes bibliographies & Index. | ||
| 650 | 0 |
_aNuclear physics _9213532 |
|
| 650 | 0 |
_aParticles. _9213533 |
|
| 856 |
_3Investigations in physics _uno. 3 |
||
| 942 |
_2ddc _cBK |
||
| 999 |
_c72203 _d72203 |
||